Readings in the appraisal of special purpose properties (Record no. 98795)

MARC details
000 -LEADER
fixed length control field 00511cam a2200181 4500
001 - CONTROL NUMBER
control field D927
008 - FIXED-LENGTH DATA ELEMENTS--GENERAL INFORMATION
fixed length control field 090401t1983 xxu||||| |||| 00| 0 eng d
035 ## - SYSTEM CONTROL NUMBER
System control number (Sirsi) u97164
041 ## - LANGUAGE CODE
Language code of text/sound track or separate title eng
050 ## - LIBRARY OF CONGRESS CALL NUMBER
Classification number 333.332
110 ## - MAIN ENTRY--CORPORATE NAME
Corporate name or jurisdiction name as entry element American Institute of Real Estate Appraisers
9 (RLIN) 3093
245 ## - TITLE STATEMENT
Title Readings in the appraisal of special purpose properties
260 ## - PUBLICATION, DISTRIBUTION, ETC.
Place of publication, distribution, etc. Chicago, Illinois
Name of publisher, distributor, etc. American Institute of Real Estate Apprai
Date of publication, distribution, etc. 1983
300 ## - PHYSICAL DESCRIPTION
Extent 285p. 25cm
350 ## - PRICE (NR) (BK AM CF MU VM SE) [OBSOLETE]
Price 9
942 ## - ADDED ENTRY ELEMENTS (KOHA)
Suppress in OPAC 0
948 ## - LOCAL PROCESSING INFORMATION (OCLC); SERIES PART DESIGNATOR (RLIN)
c (OCLC) 04/03/1997
Holdings
Withdrawn status Lost status Source of classification or shelving scheme Damaged status Not for loan Home library Current library Shelving location Date acquired Total Checkouts Full call number Barcode Date last seen Copy number Price effective from Koha item type
    Other/Generic Classification Scheme     London London Basement 04/09/2002   RESERVE SHELVES 97164-1001 06/08/2019 1 06/08/2019 Reference material